00385nam a2200133Ia 4500008004100000020001800041041000800059082002100067100005500088245003800143250000600181260005200187300001200239210716s2015 xx 000 0 und d a9788131527658 aeng a658.4038011 CAMJ aCamm, Jeffrey D; Cochran, James J; Fry, Michael J. aEssentials of business analytics. a1 aNew DelhibCengage Learning India Pvt Ltdc2015 axix,675